Library Banner

سفید خون (Record no. 68453)

MARC details
000 -LEADER
fixed length control field 00374nam a22001457a 4500
005 - DATE AND TIME OF LATEST TRANSACTION
control field 20150330140446.0
008 - FIXED-LENGTH DATA ELEMENTS--GENERAL INFORMATION
fixed length control field 150330b xxu||||| |||| 00| 0 eng d
040 ## - CATALOGING SOURCE
Transcribing agency PK-LaUMT
082 ## - DEWEY DECIMAL CLASSIFICATION NUMBER
Classification number KHC 891.4393
Item number NAN-S
100 ## - MAIN ENTRY--PERSONAL NAME
Personal name نانک سنگھ
245 ## - TITLE STATEMENT
Title سفید خون
Statement of responsibility, etc نانک سنگھ
260 ## - PUBLICATION, DISTRIBUTION, ETC. (IMPRINT)
Place of publication, distribution, etc لاہور
Name of publisher, distributor, etc نگارشات
Date of publication, distribution, etc 1994
300 ## - PHYSICAL DESCRIPTION
Extent 200 ص
942 ## - ADDED ENTRY ELEMENTS (KOHA)
Koha item type Books
Holdings
Withdrawn status Lost status Damaged status Home library Current library Date acquired Full call number Barcode Date last seen Price effective from Koha item type
      UMT Main Campus UMT Main Campus 2015-03-30 KHC 891.4393 NAN-S 69546 2015-03-30 2015-03-30 Books